000 02159cam a22004934i 4500
003 PE-LiUPU
005 20250731173250.0
008 150625s1994 sp r 000 0 spa d
020 _a8471519585
020 _a9788471519580
035 _a(Sirsi) a35562
040 _aPE-LiUPU
_bspa
_cPE-LiUPU
_erda
049 _aPRUA
082 0 4 _a248.5
_bP26
_221
100 1 _aParets Serra, Miquel,
_eautor.
245 1 4 _aLos Pobres nos Evangelizan /
_cMiquel Serra Parets.
264 1 _aEstella, Navarra :
_bVerbo Divino,
_c1994.
300 _a260 páginas ;
_c23 centímetros.
336 _atext
_2rdacontent
337 _aunmediated
_2rdamedia
338 _avolume
_2rdacarrier
490 0 _aHorizonte
505 0 _aEl ser humano en su palabra -- Jesús, palabra de los pobres, rebosa paternidad, filiación y amor -- El ser humano es ser-con, vivir-con -- El ser humano en familia -- El ser humano en su nombre -- La necesidad más grande del ser humano es la paternidad, la filiación y el amor -- Jesús, viviendo su paternidad, nos enseña que Dios es Padre y Madre -- Jesús, viviendo su filiación, nos revela que Dios es hijo -- Jesús, viviendo su amor, nos revela que Dios es amor -- El reino de Dios es la realización de su paternidad -- La nueva sociedad ha de ser modelada en la comunidad del padre, del hijo y del espíritu santo.
526 _aSEG42
526 _aSEG41
526 _aSEG40
526 _aSEG39
526 _aP94
526 _aP87
526 _aP86
526 _aP85
526 _aP77
526 _aP76
526 _aP35
650 0 4 _aTeología de la liberación.
650 0 4 _aEvangelización
910 _adbm
_bncf
_cncf
_d20190605
942 _2ddc
_cBOOK
949 _a248.5 P26
_wDEWEY
_c1
_i37486
_lCCODEBUL1
_mBUL
_p00.00
_r0
_sY
_tBOOK
_u2015-06-25
_xBIBLIOTECA
_zUNKNOWN
_0COMPRA
_o.STAFF. Colección Teología
994 _aC0
_bPEPRU
596 _a1
999 _a248.5 P26
_wDEWEY
_c43540
_i37486
_f2021-11-12
_g5
_lCCODEBUL1
_mBUL
_p15.50
_r0
_sY
_tBOOK
_u2015-6-25
_xTEOLOGIA
_PP35
_0COMPRA
_o.STAFF. Colección Teología
_d43540
980 _81
_gALBERTO SANCHEZ Responsable de Automatización